Living in love : mysticism in a material world (Record no. 22927)

MARC details
000 -LEADER
fixed length control field 00343nam a22001457a 4500
020 ## - INTERNATIONAL STANDARD BOOK NUMBER
ISBN 9788184654523
082 ## - DEWEY DECIMAL CLASSIFICATION NUMBER
Classification number 248.22
Author Cutter RED
100 ## - MAIN ENTRY--AUTHOR NAME
Author name Redfern, Alastair
245 ## - TITLE STATEMENT
Title Living in love : mysticism in a material world
260 ## - PUBLICATION, DISTRIBUTION, ETC. (IMPRINT)
Place of publication Delhi
Name of publisher ISPCK
Year of publication 2014
300 ## - PHYSICAL DESCRIPTION
Number of Pages 144
650 ## - SUBJECT ADDED ENTRY--TOPICAL TERM
Topical Term Missions
-- Bible.--John
942 ## - ADDED ENTRY ELEMENTS (KOHA)
Koha item type Books
Holdings
Home library Current library Shelving location Date acquired Source of acquisition Cost, normal purchase price Full call number Accession Number Koha item type
Henry Martyn Institute Library Henry Martyn Institute Library General stacks 06/05/2020 ISPCK 175.00 248.22 RED 11004332 Books
                   Copyright © 2026 | Henry Martyn Institute | Hyderabad | TS-500052 | INDIA | Implemented by hmi.edu.in
Hit-Count:

Powered by Koha